A hadseregbajnokságok mérlege

Elmentve itt :
Bibliográfiai részletek
Szerző: Hazay Imre
Dokumentumtípus: Cikk
Megjelent: 1950
Sorozat:Honvéd : katonai folyóirat 5 No. 12
Kulcsszavak:Hadtudomány
Online Access:http://misc.bibl.u-szeged.hu/14723
LEADER 00550nab a2200169 i 4500
001 misc14723
005 20191106141733.0
008 170607s1950 hu o 0|| hun d
040 |a SZTE Miscellanea Repozitórium  |b hun 
041 |a hun 
100 1 |a Hazay Imre 
245 1 2 |a A hadseregbajnokságok mérlege  |h [elektronikus dokumentum] /  |c  Hazay Imre 
260 |c 1950 
300 |a 133-137 
490 0 |a Honvéd : katonai folyóirat  |v 5 No. 12 
695 |a Hadtudomány 
856 4 0 |u http://misc.bibl.u-szeged.hu/14723/1/honved_005_012_133-137.pdf  |z Dokumentum-elérés